[Event "Florianopolis op 9th"]
[Site "Florianopolis"]
[Date "2023.01.24"]
[Round "3"]
[White "Vinales Gonzalez, Enzo Mathias"]
[Black "Resende, Lucas B Massucato"]
[Result "0-1"]
[WhiteElo "1473"]
[BlackElo "1824"]
[PlyCount "42"]
[EventDate "2023.01.23"]
[EventType "swiss"]
[EventRounds "10"]
[EventCountry "BRA"]
[SourceTitle "CBM 212 Extra"]
[Source "ChessBase"]
[SourceDate "2023.03.31"]
[SourceVersion "1"]
[SourceVersionDate "2023.03.31"]
[SourceQuality "1"]

1. e4 e6 2. d3 d5 3. Nf3 Nf6 4. Bg5 dxe4 5. Bxf6 Qxf6 6. dxe4 Qxb2 7. Nbd2 Nc6 8. Bc4 Bd6 9. 0-0 0-0 10. Re1 Rd8 11. Rb1 Qf6 12. Qe2 e5 13. c3 Ne7 14. Nf1 Ng6 15. Ne3 Nf4 16. Qc2 c6 17. Bf1 Rb8 18. Red1 Be6 19. Bc4 Nxg2 20. Kxg2 Bh3+ 21. Kxh3 Qxf3+ 0-1

[Event "BRA Amateur-ch U2200"]
[Site "Sao Paulo"]
[Date "2022.11.04"]
[Round "4"]
[White "Resende, Lucas B Massucato"]
[Black "Casalaspro, Mathias Andre"]
[Result "1/2-1/2"]
[WhiteElo "1834"]
[BlackElo "1805"]
[PlyCount "62"]
[EventDate "2022.11.03"]
[EventType "swiss"]
[EventRounds "7"]
[EventCountry "BRA"]
[SourceTitle "CBM 211 Extra"]
[Source "ChessBase"]
[SourceDate "2023.01.31"]
[SourceVersion "1"]
[SourceVersionDate "2023.01.31"]
[SourceQuality "1"]

1. d4 Nf6 2. c4 c5 3. d5 b5 4. cxb5 a6 5. b6 e6 6. Nc3 exd5 7. Nxd5 Nxd5 8. Qxd5 Nc6 9. Nf3 Rb8 10. Ne5 Qf6 11. Nc4 Nb4 12. Qd1 d5 13. Na3 Rxb6 14. g3 Bd6 15. f4 h5 16. Bg2 h4 17. 0-0 hxg3 18. hxg3 Qg6 19. Kf2 Bb7 20. Rh1 Rh6 21. Bd2 Bc7 22. Rxh6 gxh6 23. Qc1 Re6 24. Bxb4 Qh5 25. e3 d4 26. Bxb7 Rxe3 27. Bc6+ Kd8 28. Qc4 Qh2+ 29. Bg2 Qxg3+ 30. Kg1 cxb4 31. Qxd4+ Ke8 1/2-1/2

[Event "Catanduva op"]
[Site "Catanduva"]
[Date "2020.03.14"]
[Round "3"]
[White "Oliveira, Silvio Eduardo"]
[Black "Resende, Lucas B Massucato"]
[Result "1-0"]
[WhiteElo "2276"]
[BlackElo "1846"]
[PlyCount "45"]
[EventDate "2020.03.13"]
[EventType "swiss"]
[EventRounds "6"]
[EventCountry "BRA"]
[SourceTitle "CBM 195 Extra"]
[Source "ChessBase"]
[SourceDate "2020.05.31"]
[SourceVersion "1"]
[SourceVersionDate "2020.05.31"]
[SourceQuality "1"]

1. c4 e6 2. g3 f5 3. Bg2 Nf6 4. Nf3 Be7 5. 0-0 0-0 6. d3 d6 7. Nc3 c6 8. e4 fxe4 9. dxe4 e5 10. c5 Bg4 11. Qb3+ Kh8 12. Qxb7 Nbd7 13. cxd6 Bxd6 14. Qxc6 Bb4 15. Be3 Rc8 16. Qa4 Bxc3 17. bxc3 Rxc3 18. Rac1 Rxe3 19. fxe3 Qb6 20. Qa3 Re8 21. Rb1 Qc6 22. Rfc1 Qxe4 23. Nh4 1-0

[Event "Florianopolis op 5th"]
[Site "Florianopolis"]
[Date "2019.01.26"]
[Round "9"]
[White "Da Silva, Camila Evaristo"]
[Black "Resende, Lucas B Massucato"]
[Result "1-0"]
[WhiteElo "1633"]
[BlackElo "1876"]
[PlyCount "112"]
[EventDate "2019.01.21"]
[EventType "swiss"]
[EventRounds "10"]
[EventCountry "BRA"]
[SourceTitle "CBM 188 Extra"]
[Source "ChessBase"]
[SourceDate "2019.02.26"]
[SourceVersion "1"]
[SourceVersionDate "2019.02.26"]
[SourceQuality "1"]

1. d4 e6 2. Nf3 f5 3. Bf4 Nf6 4. e3 d5 5. Nbd2 Bd6 6. Bxd6 Qxd6 7. Be2 Nbd7 8. c3 0-0 9. 0-0 c6 10. Qc2 b6 11. c4 Ne4 12. Rac1 Bb7 13. a3 Rf6 14. b4 Raf8 15. c5 Qb8 16. a4 Rh6 17. g3 Nxd2 18. Qxd2 e5 19. dxe5 Nxe5 20. Nh4 g5 21. Ng2 Ba6 22. b5 Bb7 23. cxb6 axb6 24. bxc6 Bxc6 25. f4 gxf4 26. exf4 Nf7 27. Qd4 Ba8 28. Rb1 Qd6 29. Ne3 Qf6 30. Qxf6 Rxf6 31. Rfd1 Re8 32. Kf2 Rfe6 33. Rb3 Bc6 34. Bb5 Bxb5 35. axb5 d4 36. Rxd4 Nd6 37. Rd5 Kf7 38. Nxf5 Ne4+ 39. Kf3 Kf6 40. Rbd3 Nc5 41. Re3 Ra8 42. Rxe6+ Nxe6 43. Ne3 Ra5 44. Nc4 Rxb5 45. Rxb5 Nd4+ 46. Kg4 Nxb5 47. Nxb6 Nc3 48. Nd7+ Ke7 49. Nc5 Kf6 50. Kf3 h5 51. h3 Nb5 52. g4 Nd4+ 53. Ke4 Ne2 54. g5+ Kg7 55. Ke3 Ng3 56. Kf2 Nf5 1-0

[Event "Florianopolis op 5th"]
[Site "Florianopolis"]
[Date "2019.01.25"]
[Round "7"]
[White "Lukachewski Junior, Wanderlei"]
[Black "Resende, Lucas B Massucato"]
[Result "1-0"]
[WhiteElo "2046"]
[BlackElo "1876"]
[PlyCount "50"]
[EventDate "2019.01.21"]
[EventType "swiss"]
[EventRounds "10"]
[EventCountry "BRA"]
[SourceTitle "CBM 188 Extra"]
[Source "ChessBase"]
[SourceDate "2019.02.26"]
[SourceVersion "1"]
[SourceVersionDate "2019.02.26"]
[SourceQuality "1"]

1. d4 e6 2. c4 f5 3. Nc3 Nf6 4. e3 c6 5. Bd3 d5 6. Qc2 Ne4 7. Nge2 Bd6 8. 0-0 0-0 9. f3 Qh4 10. g3 Qh5 11. fxe4 fxe4 12. Rxf8+ Bxf8 13. Nxe4 dxe4 14. Bxe4 Nd7 15. Nf4 Qh6 16. Bd2 Nf6 17. Bf3 Bd7 18. e4 g5 19. Nd3 Qg7 20. e5 Ne8 21. Rf1 Nc7 22. Bh5 Be8 23. Bxe8 Rxe8 24. Nf2 Rd8 25. Qc3 c5 1-0

[Event "Florianopolis op 5th"]
[Site "Florianopolis"]
[Date "2019.01.24"]
[Round "5"]
[White "Kikuchi Cadilhac, Mariana Sawae"]
[Black "Resende, Lucas B Massucato"]
[Result "1/2-1/2"]
[WhiteElo "1610"]
[BlackElo "1876"]
[PlyCount "80"]
[EventDate "2019.01.21"]
[EventType "swiss"]
[EventRounds "10"]
[EventCountry "BRA"]
[SourceTitle "CBM 188 Extra"]
[Source "ChessBase"]
[SourceDate "2019.02.26"]
[SourceVersion "1"]
[SourceVersionDate "2019.02.26"]
[SourceQuality "1"]

1. e4 e6 2. d4 d5 3. Nd2 Nf6 4. e5 Nfd7 5. Bd3 c5 6. c3 Nc6 7. Ne2 cxd4 8. cxd4 f6 9. exf6 Nxf6 10. Nf3 Bd6 11. 0-0 Qc7 12. Nc3 a6 13. Bd2 0-0 14. Rc1 Qb8 15. Na4 Ne4 16. Be3 Bd7 17. Nb6 Be8 18. Nxa8 Bh5 19. Be2 Qxa8 20. Nd2 Bg6 21. Nxe4 Bxe4 22. Bd3 Qb8 23. Bxe4 Bxh2+ 24. Kh1 dxe4 25. Qg4 Bd6 26. Qxe6+ Kh8 27. Qxe4 Qd8 28. g3 Re8 29. Qd3 Qa5 30. a3 Qd5+ 31. Kh2 Ne5 32. Qd1 Nf3+ 33. Kh3 Rf8 34. Bf4 Qh5+ 35. Kg2 Rxf4 36. Rh1 Qg4 37. Qc2 Ng5 38. Qc8+ Bf8 39. Qxg4 Rxg4 40. Rc8 Kg8 1/2-1/2

[Event "Pocos de Caldas op"]
[Site "Pocos de Caldas"]
[Date "2018.03.03"]
[Round "3"]
[White "Resende, Lucas B Massucato"]
[Black "Tamarozi, Isabelle"]
[Result "1/2-1/2"]
[WhiteElo "1784"]
[BlackElo "1950"]
[PlyCount "97"]
[EventDate "2018.03.02"]
[EventType "swiss"]
[EventRounds "6"]
[EventCountry "BRA"]
[SourceTitle "CBM 183 Extra"]
[Source "ChessBase"]
[SourceDate "2018.04.19"]
[SourceVersion "1"]
[SourceVersionDate "2018.04.19"]
[SourceQuality "1"]

1. d4 Nf6 2. c4 g6 3. Nc3 Bg7 4. e4 d6 5. Nf3 0-0 6. Be2 e5 7. d5 a5 8. 0-0 Na6 9. Bg5 h6 10. Bh4 Qe8 11. Nd2 Bd7 12. b3 Nh7 13. a3 h5 14. f3 Bh6 15. Bf2 Qe7 16. Re1 h4 17. Rb1 Bf4 18. Nf1 Qg5 19. Kh1 Qh6 20. b4 axb4 21. axb4 Nf6 22. Qd3 Kg7 23. Be3 Nh5 24. Bxf4 Nxf4 25. Qd2 Rh8 26. Rb2 Qh7 27. Ne3 Nh5 28. Bd3 f5 29. Kg1 f4 30. Nf1 h3 31. g4 fxg3 32. Nxg3 Raf8 33. Rf1 Nf4 34. Rf2 Qh4 35. Bf1 Rf7 36. Qe3 Rhf8 37. c5 Ng2 38. Bxg2 hxg2 39. Kxg2 Bh3+ 40. Kg1 Qf4 41. Qxf4 exf4 42. Nge2 dxc5 43. bxc5 Nxc5 44. Nc1 Ra8 45. Ra2 Rff8 46. Nb5 c6 47. Nc7 Rxa2 48. Rxa2 cxd5 49. Nxd5 1/2-1/2

[Event "Pocos de Caldas op"]
[Site "Pocos de Caldas"]
[Date "2018.03.02"]
[Round "2"]
[White "De Sousa E Silva, Luis Gonzaga"]
[Black "Resende, Lucas B Massucato"]
[Result "0-1"]
[WhiteElo "1347"]
[BlackElo "1784"]
[PlyCount "68"]
[EventDate "2018.03.02"]
[EventType "swiss"]
[EventRounds "6"]
[EventCountry "BRA"]
[SourceTitle "CBM 183 Extra"]
[Source "ChessBase"]
[SourceDate "2018.04.19"]
[SourceVersion "1"]
[SourceVersionDate "2018.04.19"]
[SourceQuality "1"]

1. Nf3 e6 2. g3 f5 3. Bg2 Nf6 4. d3 d5 5. Nbd2 c5 6. c3 Nc6 7. 0-0 Bd6 8. Re1 0-0 9. a3 a5 10. Qa4 Bd7 11. Qh4 Be7 12. Qa4 Qc7 13. e4 Ne5 14. Qc2 Nxd3 15. Qxd3 dxe4 16. Qc4 exf3 17. Nxf3 Ne4 18. Bf4 Bd6 19. Bxd6 Nxd6 20. Qf4 Ne8 21. Ne5 Bb5 22. Rad1 Nf6 23. Rd2 Rfd8 24. Red1 Rxd2 25. Rxd2 Rd8 26. Ng6 e5 27. Rxd8+ Qxd8 28. Bd5+ Nxd5 29. Qxe5 hxg6 30. Qe6+ Kh7 31. g4 Qe7 32. Qc8 Nf4 33. h3 Qe1+ 34. Kh2 Qxf2+ 0-1

[Event "Sao Sebastiao do Paraiso op 1st"]
[Site "Sao Sebastiao do Paraiso"]
[Date "2017.08.20"]
[Round "5"]
[White "De Oliveira, Reinaldo Euclides"]
[Black "Resende, Lucas B Massucato"]
[Result "0-1"]
[WhiteElo "1721"]
[BlackElo "1766"]
[PlyCount "90"]
[EventDate "2017.08.18"]
[EventType "swiss"]
[EventRounds "6"]
[EventCountry "BRA"]
[SourceTitle "CBM 180 Extra"]
[Source "ChessBase"]
[SourceDate "2017.10.06"]
[SourceVersion "1"]
[SourceVersionDate "2017.10.06"]
[SourceQuality "1"]

1. d4 e6 2. c4 f5 3. Nf3 d5 4. e3 c6 5. Nc3 Bd6 6. Bd2 Nf6 7. Be2 0-0 8. 0-0 b6 9. b3 Bb7 10. Bd3 Nbd7 11. Ng5 Qe7 12. f4 Ne4 13. Nf3 Ndf6 14. h3 Ng3 15. Re1 Kh8 16. Ne2 Nfe4 17. Nxg3 Nxg3 18. Kh2 Ne4 19. Qe2 Rf6 20. Rf1 c5 21. Ne5 cxd4 22. exd4 Nxd2 23. Qxd2 Bb4 24. Qb2 dxc4 25. Bxc4 Rc8 26. a3 Bd6 27. b4 Bxe5 28. dxe5 Rg6 29. Rf2 Rxc4 30. Qd2 h6 31. Rd1 Rc7 32. Qd6 Qxd6 33. exd6 Rd7 34. g3 Bd5 35. Rd4 Rf6 36. b5 Rxd6 37. Rc2 Rd7 38. a4 Rff7 39. Rc8+ Kh7 40. Rc3 Rc7 41. Rdd3 Rxc3 42. Rxc3 Kg6 43. Kg1 Kf6 44. Kf2 Rd7 45. Ke3 Ke7 0-1

[Event "Sao Sebastiao do Paraiso op 1st"]
[Site "Sao Sebastiao do Paraiso"]
[Date "2017.08.19"]
[Round "3"]
[White "Pacheco, Helcio Alexandre"]
[Black "Resende, Lucas B Massucato"]
[Result "1-0"]
[WhiteElo "2099"]
[BlackElo "1766"]
[PlyCount "97"]
[EventDate "2017.08.18"]
[EventType "swiss"]
[EventRounds "6"]
[EventCountry "BRA"]
[SourceTitle "CBM 180 Extra"]
[Source "ChessBase"]
[SourceDate "2017.10.06"]
[SourceVersion "1"]
[SourceVersionDate "2017.10.06"]
[SourceQuality "1"]

1. d4 e6 2. c4 f5 3. g3 d5 4. Bg2 Nf6 5. Nf3 c6 6. 0-0 Bd6 7. Qc2 0-0 8. Nc3 b6 9. Rb1 Ba6 10. cxd5 cxd5 11. Ne5 Qe8 12. Bf4 Nh5 13. Nxd5 Nd7 14. Nxd7 Qxd7 15. Bxd6 Qxd6 16. Nc3 Rac8 17. Bf3 Nf6 18. Qa4 Bc4 19. Qxa7 Qxd4 20. Rfd1 Qc5 21. Na4 Qa5 22. Qxa5 bxa5 23. Nc3 Rfd8 24. Rxd8+ Rxd8 25. b3 Ba6 26. Rd1 Rxd1+ 27. Nxd1 e5 28. Nc3 e4 29. Bg2 Kf7 30. f3 exf3 31. exf3 Ke6 32. Kf2 Bb7 33. Ke3 g5 34. Bf1 Kd6 35. Bd3 Ke6 36. Be2 Nd5+ 37. Nxd5 Kxd5 38. Bd3 Bc8 39. a3 h6 40. f4 Bd7 41. Bc4+ Kc5 42. Kd3 Bc6 43. Kc3 gxf4 44. gxf4 Be4 45. b4+ axb4+ 46. axb4+ Kd6 47. Kd4 h5 48. h4 Bf3 49. Bf7 1-0

[Event "Sao Sebastiao do Paraiso op 1st"]
[Site "Sao Sebastiao do Paraiso"]
[Date "2017.08.18"]
[Round "1"]
[White "Umetsubo, Cesar Hidemitsu"]
[Black "Resende, Lucas B Massucato"]
[Result "1-0"]
[WhiteElo "2408"]
[BlackElo "1766"]
[PlyCount "33"]
[EventDate "2017.08.18"]
[EventType "swiss"]
[EventRounds "6"]
[EventCountry "BRA"]
[SourceTitle "CBM 180 Extra"]
[Source "ChessBase"]
[SourceDate "2017.10.06"]
[SourceVersion "1"]
[SourceVersionDate "2017.10.06"]
[SourceQuality "1"]

1. e4 e6 2. d4 d5 3. Nd2 Nf6 4. e5 Nfd7 5. Bd3 c5 6. c3 Nc6 7. Ne2 Be7 8. 0-0 0-0 9. Nf3 f6 10. Nf4 Nb6 11. exf6 Rxf6 12. dxc5 Bxc5 13. Bxh7+ Kxh7 14. Ng5+ Kg8 15. Qh5 Rh6 16. Qf7+ Kh8 17. Ng6+ 1-0

[Event "Sao Paulo op-B U2050 6th"]
[Site "Sao Paulo"]
[Date "2017.04.14"]
[Round "1"]
[White "Resende, Lucas B Massucato"]
[Black "Da Silva, Angelo Luiz"]
[Result "0-1"]
[WhiteElo "1759"]
[BlackElo "1950"]
[PlyCount "92"]
[EventDate "2017.04.14"]
[EventType "swiss"]
[EventRounds "6"]
[EventCountry "BRA"]
[SourceTitle "EXT 2019"]
[Source "ChessBase"]
[SourceDate "2018.10.10"]
[SourceVersion "1"]
[SourceVersionDate "2018.10.10"]
[SourceQuality "1"]

1. d4 Nf6 2. c4 e5 3. e3 exd4 4. exd4 d5 5. Nc3 Be7 6. Nf3 0-0 7. Be2 a6 8. 0-0 dxc4 9. Bxc4 b5 10. Bd3 Bb7 11. Re1 Nbd7 12. Bf4 Nb6 13. Ne5 Nbd5 14. Bg3 Bb4 15. Rc1 Nxc3 16. bxc3 Ba3 17. Rc2 Qd5 18. f3 c5 19. Be4 Nxe4 20. fxe4 Qd8 21. Bf2 c4 22. Qg4 Bd6 23. Nf3 Bc8 24. Qg5 Qxg5 25. Nxg5 f6 26. Nf3 Bg4 27. Nh4 Rfe8 28. h3 Bd7 29. Nf5 Bc7 30. Kf1 g6 31. Ng3 Bc6 32. d5 Bb7 33. Rd2 Rad8 34. Nh1 f5 35. exf5 Rxe1+ 36. Bxe1 gxf5 37. Ng3 f4 38. Nf5 Rf8 39. d6 Ba5 40. Ne7+ Kf7 41. Rd4 Ke6 42. Bd2 f3 43. g4 Bb6 44. Rf4 Rxf4 45. Bxf4 Be4 46. Nf5 Bd3+ 0-1